[Event "Festival Jean-Claude Loubatière-Master"]
[Site "Montpellier FRA"]
[Date "2007.07.14"]
[Round "8.2"]
[White "Prie, Eric"]
[Black "Maze, Sebastien"]
[Result "1/2-1/2"]
[WhiteElo "2518"]
[BlackElo "2530"]
[PlyCount "74"]
[EventDate "2007.07.07"]
[EventType "swiss"]
[EventRounds "9"]
[EventCountry "FRA"]
[Source "lmi"]
[SourceDate "2007.07.07"]

1. d4 d5 2. a3 e6 3. Nf3 c5 4. c3 Nc6 5. Bf4 Nf6 6. e3 Bd6 7. Bxd6 Qxd6 8. Bb5
O-O 9. O-O a6 10. Bxc6 Qxc6 11. Nbd2 b6 12. Rc1 Bb7 13. Re1 Rfd8 14. Ne5 Qc7
15. b4 c4 16. a4 Ne4 17. f3 Nd6 18. Ra1 h5 19. f4 g6 20. g4 hxg4 21. Qxg4 Kg7
22. Kh1 Rh8 23. Rg1 Rh6 24. Rg2 Nf5 25. Qe2 Rah8 26. Ndf3 Bc6 27. a5 b5 28.
Rag1 Bb7 29. Ng4 Rh5 30. Re1 Nd6 31. Nf2 f6 32. Kg1 Ne4 33. Qc2 Bc6 34. Kh1 Kf8
35. Nxe4 dxe4 36. Nd2 Rf5 37. Rf1 Qh7 1/2-1/2

[Event "Festival Jean-Claude Loubatière-Master"]
[Site "Montpellier FRA"]
[Date "2007.07.14"]
[Round "8.3"]
[White "Bijaoui, Manuel"]
[Black "Apicella, Manuel"]
[Result "0-1"]
[WhiteElo "2357"]
[BlackElo "2533"]
[PlyCount "136"]
[EventDate "2007.07.07"]
[EventType "swiss"]
[EventRounds "9"]
[EventCountry "FRA"]
[Source "lmi"]
[SourceDate "2007.07.07"]

1. e4 e6 2. d4 d5 3. Nd2 Nf6 4. e5 Nfd7 5. Bd3 c5 6. c3 b6 7. Ne2 Ba6 8. Bxa6
Nxa6 9. O-O Nc7 10. Nf4 c4 11. Qg4 Qe7 12. Nf3 O-O-O 13. b3 b5 14. a4 Nb6 15.
Ba3 Qe8 16. Bxf8 Qxf8 17. axb5 Nxb5 18. Ra5 Qe8 19. Nd2 Kb8 20. bxc4 dxc4 21.
Ne4 Qc6 22. f3 g6 23. Rb1 Nc7 24. Nd6 Rxd6 25. exd6 Qxd6 26. Qg5 f5 27. Qf6 Rd8
28. g3 Ncd5 29. Nxd5 exd5 30. Qxd6+ Rxd6 31. Kf2 Rd7 32. Re1 Kb7 33. Re6 Rf7
34. h4 Kc8 35. Re8+ Kd7 36. Rh8 Kd6 37. Re8 Kd7 38. Re5 Kd6 39. Ke3 Rb7 40. Kf4
Nd7 41. Rexd5+ Kc6 42. g4 fxg4 43. fxg4 Rb3 44. Rxd7 Kxd7 45. Rxa7+ Ke6 46.
Rxh7 Rxc3 47. Kg5 Rd3 48. Rg7 Rxd4 49. Rxg6+ Kd7 50. Rf6 Rd5+ 51. Kf4 c3 52.
Rf7+ Kd6 53. Rf6+ Kc7 54. Rf7+ Kb6 55. Ke4 c2 56. Kxd5 c1=Q 57. g5 Qh1+ 58. Ke6
Qe4+ 59. Kf6 Qxh4 60. Kf5 Qh5 61. Kf6 Kc6 62. g6 Kd6 63. Rf8 Qh6 64. Rd8+ Kc7
65. Rg8 Kd7 66. Rg7+ Kd6 67. Rg8 Qh4+ 68. Kf7 Qe7# 0-1

[Event "Festival Jean-Claude Loubatière-Master"]
[Site "Montpellier FRA"]
[Date "2007.07.14"]
[Round "8.4"]
[White "Roy Chowdhury, Saptarshi"]
[Black "Krzesaj, Robert"]
[Result "1/2-1/2"]
[WhiteElo "2420"]
[BlackElo "2323"]
[PlyCount "25"]
[EventDate "2007.07.07"]
[EventType "swiss"]
[EventRounds "9"]
[EventCountry "FRA"]
[Source "lmi"]
[SourceDate "2007.07.07"]

1. d4 d5 2. Nf3 c6 3. e3 Nf6 4. Nbd2 Bg4 5. Be2 Nbd7 6. O-O e6 7. b3 Be7 8. Bb2
O-O 9. h3 Bxf3 10. Nxf3 Ne4 11. Nd2 Nxd2 12. Qxd2 f5 13. Bd3 1/2-1/2

[Event "Festival Jean-Claude Loubatière-Master"]
[Site "Montpellier FRA"]
[Date "2007.07.14"]
[Round "8.5"]
[White "Ramaswamy, Aarthie"]
[Black "Boudre, Jean-Pierre"]
[Result "1/2-1/2"]
[WhiteElo "2281"]
[BlackElo "2329"]
[PlyCount "85"]
[EventDate "2007.07.07"]
[EventType "swiss"]
[EventRounds "9"]
[EventCountry "FRA"]
[Source "lmi"]
[SourceDate "2007.07.07"]

1. e4 e5 2. Nf3 d6 3. d4 exd4 4. Nxd4 Nf6 5. Nc3 Be7 6. Bc4 O-O 7. O-O c6 8. a4
Nxe4 9. Nxe4 d5 10. Bd3 dxe4 11. Bxe4 Na6 12. c3 Bf6 13. Be3 Nc7 14. Qf3 Nd5
15. Bxd5 cxd5 16. Rfd1 Be6 17. h3 Rc8 18. Ne2 Qa5 19. Nf4 Rfd8 20. Bd4 Bxd4 21.
Rxd4 Qb6 22. Rb4 Qa6 23. Rd1 Rc5 24. Qg3 Kh8 25. Rbd4 h6 26. Nh5 Rg8 27. Qe5
Rc4 28. Nf4 Rxa4 29. Kh2 Rxd4 30. Rxd4 Rd8 31. c4 Qd6 32. Qxd6 Rxd6 33. cxd5
Bd7 34. Nd3 f6 35. Kg3 Kg8 36. Kf3 b6 37. Ke3 Kf7 38. b4 g5 39. Nb2 Bb5 40. Nc4
Bxc4 41. Rxc4 Rxd5 42. Rc7+ Kg6 43. Rxa7 1/2-1/2

[Event "Festival Jean-Claude Loubatière-Master"]
[Site "Montpellier FRA"]
[Date "2007.07.14"]
[Round "8.6"]
[White "Heberla, Bartlomiej"]
[Black "Cornette, Matthieu"]
[Result "1/2-1/2"]
[WhiteElo "2484"]
[BlackElo "2487"]
[PlyCount "29"]
[EventDate "2007.07.07"]
[EventType "swiss"]
[EventRounds "9"]
[EventCountry "FRA"]
[Source "lmi"]
[SourceDate "2007.07.07"]

1. c4 c5 2. Nf3 Nc6 3. Nc3 e5 4. e3 Nf6 5. d4 cxd4 6. exd4 e4 7. Ng5 Bb4 8. d5
Ne5 9. Qd4 d6 10. Ngxe4 Nxe4 11. Qxe4 O-O 12. Bd2 f5 13. Qc2 Qh4 14. O-O-O Qxf2
15. Nb5 1/2-1/2

[Event "Festival Jean-Claude Loubatière-Master"]
[Site "Montpellier FRA"]
[Date "2007.07.14"]
[Round "8.7"]
[White "Hamdouchi, Adina-Maria"]
[Black "Djuric, Stefan"]
[Result "1/2-1/2"]
[WhiteElo "2287"]
[BlackElo "2472"]
[PlyCount "86"]
[EventDate "2007.07.07"]
[EventType "swiss"]
[EventRounds "9"]
[EventCountry "FRA"]
[Source "lmi"]
[SourceDate "2007.07.07"]

1. d4 c5 2. d5 Nf6 3. Nf3 g6 4. Nc3 d6 5. e4 Bg7 6. Be2 O-O 7. O-O Na6 8. Re1
Nc7 9. a4 a6 10. Bc4 Nd7 11. Bf4 Rb8 12. a5 b5 13. axb6 Nxb6 14. Bf1 Bg4 15. h3
Bxf3 16. Qxf3 Nd7 17. Nd1 Rb6 18. c3 Ne5 19. Qe3 Qb8 20. Ra2 Qc8 21. Bh6 f5 22.
Bxg7 f4 23. Qc1 Kxg7 24. f3 Qb7 25. Nf2 c4 26. Qd2 Qa7 27. Kh2 h5 28. h4 Rf6
29. Nh3 Qb8 30. Be2 e6 31. Nxf4 exd5 32. Nxd5 Nxd5 33. exd5 Qf8 34. Qd4 Rb7 35.
Bxc4 Kh7 36. Bxa6 Re7 37. Be2 Rf4 38. Qd2 Qf6 39. Kg1 Qxh4 40. Rea1 Ng4 41.
Qxf4 Qf2+ 42. Kh1 Qh4+ 43. Kg1 Qf2+ 1/2-1/2

[Event "Festival Jean-Claude Loubatière-Master"]
[Site "Montpellier FRA"]
[Date "2007.07.14"]
[Round "8.8"]
[White "Giffard, Nicolas"]
[Black "Dimitrov, Christo"]
[Result "1-0"]
[WhiteElo "2381"]
[BlackElo "2261"]
[PlyCount "81"]
[EventDate "2007.07.07"]
[EventType "swiss"]
[EventRounds "9"]
[EventCountry "FRA"]
[Source "lmi"]
[SourceDate "2007.07.07"]

1. d4 d5 2. c4 c6 3. Nf3 Nf6 4. Nc3 dxc4 5. g3 e6 6. Bg2 c5 7. O-O Nc6 8. Qa4
cxd4 9. Nxd4 Qxd4 10. Bxc6+ Bd7 11. Rd1 Bxc6 12. Qxc6+ bxc6 13. Rxd4 Nd5 14.
Rxc4 Kd7 15. e4 Nb6 16. Rd4+ Kc8 17. Rd2 Bb4 18. Rc2 Rd8 19. b3 Kb7 20. Bb2 Rd3
21. Ne2 g6 22. Nf4 Rd7 23. Bf6 Nc8 24. Kg2 Be7 25. Bb2 Nb6 26. Rac1 Rc8 27. Kf3
Bb4 28. h4 h5 29. Nh3 Rd3+ 30. Kg2 Bd2 31. Rd1 Rcd8 32. Kf1 Bh6 33. Rxd3 Rxd3
34. Ke2 Rd7 35. f3 Na8 36. Nf2 Bf8 37. Nd3 Bd6 38. Bd4 Nc7 39. Bf2 e5 40. Rd2
Re7 41. Nc5+ 1-0

[Event "Festival Jean-Claude Loubatière-Master"]
[Site "Montpellier FRA"]
[Date "2007.07.14"]
[Round "8.9"]
[White "Meera, Sai"]
[Black "Lubczynski, Rafal"]
[Result "1/2-1/2"]
[WhiteElo "2191"]
[BlackElo "2368"]
[PlyCount "57"]
[EventDate "2007.07.07"]
[EventType "swiss"]
[EventRounds "9"]
[EventCountry "FRA"]
[Source "lmi"]
[SourceDate "2007.07.07"]

1. e4 d6 2. d4 Nf6 3. Nc3 e5 4. Nf3 Nbd7 5. g4 Nxg4 6. Rg1 Ngf6 7. Bc4 h6 8.
Be3 Nb6 9. Bb5+ c6 10. dxe5 Ng4 11. exd6 Bxd6 12. Be2 Nxe3 13. fxe3 Be6 14. Qd4
Bf8 15. O-O-O Qc7 16. Rxg7 Bxg7 17. Qxg7 Ke7 18. e5 Nd7 19. Qg3 Rag8 20. Qh4+
Kf8 21. Nd4 Rg6 22. Bh5 Rhg8 23. Bxg6 Rxg6 24. Nxe6+ Rxe6 25. Qb4+ Kg7 26. Rg1+
Kh8 27. Rd1 Kg7 28. Qg4+ Kh8 29. Qb4 1/2-1/2

[Event "Festival Jean-Claude Loubatière-Master"]
[Site "Montpellier FRA"]
[Date "2007.07.14"]
[Round "8.10"]
[White "Laclau, Daniel"]
[Black "Ouakhir, Mehdi"]
[Result "0-1"]
[WhiteElo "2276"]
[BlackElo "2206"]
[PlyCount "30"]
[EventDate "2007.07.07"]
[EventType "swiss"]
[EventRounds "9"]
[EventCountry "FRA"]
[Source "lmi"]
[SourceDate "2007.07.07"]

1. d4 d5 2. c4 e6 3. Nc3 c6 4. e3 Nf6 5. Nf3 Nbd7 6. Qc2 Bd6 7. Bd3 O-O 8. O-O
Qe7 9. Bd2 h6 10. h3 Re8 11. Rae1 dxc4 12. Bxc4 e5 13. Bb3 e4 14. Nh4 Nf8 15.
f4 Nh5 0-1

[Event "Festival Jean-Claude Loubatière-Master"]
[Site "Montpellier FRA"]
[Date "2007.07.15"]
[Round "9.2"]
[White "Buscara, Sevan"]
[Black "Muha, Zdravko"]
[Result "1-0"]
[WhiteElo "2048"]
[BlackElo "2096"]
[PlyCount "50"]
[EventDate "2007.07.07"]
[EventType "swiss"]
[EventRounds "9"]
[EventCountry "FRA"]
[Source "lmi"]
[SourceDate "2007.07.07"]

1. d4 Nf6 2. Nf3 d5 3. c4 e6 4. e3 c5 5. Nc3 cxd4 6. exd4 Bb4 7. Bd2 O-O 8. c5
Bxc3 9. Bxc3 Ne4 10. Bd3 Nxc3 11. bxc3 b6 12. cxb6 axb6 13. O-O Ba6 14. Ne5 Nd7
15. Nc6 Qf6 16. f4 Bxd3 17. Qxd3 Rfc8 18. Ne5 Rc7 19. Nxd7 Rxd7 20. a4 Rc7 21.
Rab1 Rxa4 22. Rxb6 g6 23. f5 Rca7 24. fxe6 Ra1 25. exf7+ Kg7 1-0